| 000 | 00501nam a2200181 4500 | ||
|---|---|---|---|
| 001 | 16171 | ||
| 005 | 20230410120752.0 | ||
| 008 | 060907n2003 dr spa | ||
| 020 | _a2856169902 | ||
| 035 | _9funglode16304 | ||
| 041 | _aFR | ||
| 050 | 1 | 4 | _aHV 6432.7 P952m 2003 |
| 100 | _aPrimakov, Evgueni | ||
| 245 | 1 |
_aLe monde apres le 11 septembre et la guerre en irak / _cEvgueni Primakov |
|
| 260 |
_aParis : _bPresses de la Renaissance, _c2003 |
||
| 300 | _a274 p. | ||
| 942 |
_2lcc _cbk |
||
| 999 |
_c51497 _d51497 |
||